000 00849nac a22002051u 4500
010 _a 96075756
020 _a1568848188
082 _a005.1
_bH622
090 _c4452
_d4452
100 _aHeywood, Drew.
245 1 0 _aNovell's guide to integrating NetWare and TCP/IP /
_cDrew Heywood.
246 3 _aNetWare and TCP/IP
260 _aSan Jose, CA :
_bNovell Press ;
_aFoster City, CA :
_bDistributed in the U.S. by IDG Books Worldwide,
_cc1996.
300 _axxxiv, 556 p. :
_bill. ;
_c23 cm. +
_e1 computer laser optical disc (4 3/4 in.)
500 _aIncludes index.
650 0 _aLocal area networks (Computer networks)
650 0 _aTCP/IP (Computer network protocol)
942 _cBB
_k005.1H622
999 _c4452
_d4452